000 00517nam a2200181Ia 4500
003 OSt
005 20250505144108.0
008 210210b1966 xxu||||| |||| 00| 0 eng d
040 _cAL
082 _aK894.3 SHRU
100 _aSHRINIVASA KORATI.
_d ಶ್ರೀನಿವಾಸ ಕೊರಟಿ
_9209315
245 _aUbhaya lokeshvara.
_bಉಭಯ ಲೋಕೇಶ್ವರ
260 _aBengaluru
_bPrakasha Sahitya
_c1966
300 _a203
690 _aKannada Fiction
_9209316
906 _a030360
942 _2ddc
_cBK
999 _c81516
_d81516